000 01049nam a22002777a 4500
005 20240530110452.0
008 150406s2009 ua g 000 0 ara d
017 _a2009/17910
_bمصر . دار الكتب المصرية
020 _a9789774795704
040 _aEG-CaGPL
082 0 4 _221
_a181.112\
_bم ك
245 0 2 _aالكتب الاربعة المقدسة /
_cترجمها عن الصينية محسن سيد فرجانى.
250 _aط1
260 _aالقاهرة :
_bالمركز القومى للترجمة ،
_c2009.
300 _a583 ص ؛
_c24 سم.
490 0 _aالمشروع القومى للترجمة ؛
_v1368
650 0 4 _aالكتب السماوية
650 0 4 _aالديانة الصينية
650 0 4 _aالتراث الصينى
650 0 4 _aالفلسفة الشرقية
650 0 4 _aالكونفوشية ( فلسفة )
650 0 4 _aالكونفوشية ( ديانة )
700 0 _aمحسن سيد فرجانى
_eمترجم
942 _2ddc
_cBK
999 _c61271
_d61271